[Event "Digicel National Championship (Absolute) 2015"]
[Site "Kingston"]
[Date "2015.01.31"]
[Round "9"]
[Board "4"]
[White "CAMPBELL, Kevron"]
[Black "PORTER, Russel"]
[Result "1/2-1/2"]
[WhiteElo "1841"]
[BlackElo "2082"]
[PlyCount "204"]
[EventDate "2015.01.17"]
[EventRounds "11"]
[EventCountry "JAM"]

1. d4 Nf6 2. c4 g6 3. Nc3 Bg7 4. e4 d6 5. f4 O-O 6. Nf3 c5 7. d5 e6 8. Be2 exd5
9. cxd5 Bg4 10. O-O Nbd7 11. Re1 Ne8 12. h3 Bxf3 13. Bxf3 Nc7 14. a4 a6 15. Re2
Rb8 16. a5 Re8 17. Qe1 b5 18. axb6 Rxb6 19. Be3 Rb3 20. e5 dxe5 21. d6 Nb5 22.
Nxb5 Rxb5 23. Bc6 Rb6 24. Bxd7 Qxd7 25. Bxc5 Rxd6 26. Bxd6 Qxd6 27. fxe5 Rxe5
28. Rxe5 Bxe5 29. Qe2 a5 30. Kh1 Qf6 31. Rf1 Qg5 32. Qf3 f6 33. Rd1 Kg7 34. g4
a4 35. Qe2 Qf4 36. Rd7+ Kh6 37. Qd2 Kg5 38. Kg2 h5 39. gxh5 Qxd2+ 40. Rxd2 Kxh5
41. Rc2 Kg5 42. Kf3 Kh4 43. Kg2 Kg5 44. Rc5 Kh5 45. Rb5 g5 46. Rb4 f5 47. Kf3
Bf6 48. Rb5 Kh4 49. Rb6 g4+ 50. Kf4 Bg5+ 51. Kxf5 gxh3 52. Rb4+ Kh5 53. Rxa4 h2
54. Ra1 Be3 55. Rh1 Bg1 56. b4 Kh4 57. Kf4 Kh5 58. b5 Kg6 59. Ke4 Kg5 60. b6
Bxb6 61. Rxh2 Bc7 62. Rf2 Kg6 63. Kd5 Kg5 64. Ke4 Kg6 65. Rf8 Kg7 66. Rc8 Bd6
67. Kf5 Kf7 68. Ra8 Ke7 69. Ra7+ Kd8 70. Ke6 Bg3 71. Rh7 Kc8 72. Kd5 Kb8 73.
Kc6 Ka8 74. Rg7 Be5 75. Re7 Bf4 76. Re8+ Ka7 77. Re7+ Ka8 78. Kb6 Bg3 79. Ra7+
Kb8 80. Ra2 Bf4 81. Ra4 Be3+ 82. Kc6 Bf2 83. Rb4+ Ka8 84. Rf4 Bg3 85. Rf8+ Ka7
86. Rf3 Be5 87. Re3 Bf4 88. Ra3+ Kb8 89. Kb6 Kc8 90. Rd3 Be5 91. Rd5 Bf4 92.
Rf5 Be3+ 93. Kc6 Kb8 94. Rf8+ Ka7 95. Kc7 Ka6 96. Rf5 Bd4 97. Rd5 Be3 98. Rd6+
Kb5 99. Rc6 Bc5 100. Rh6 Be3 101. Rg6 Kc5 102. Rg4 Kd5 1/2-1/2

[Event "Digicel National Championship (Absolute) 2015"]
[Site "Kingston"]
[Date "2015.01.31"]
[Round "9"]
[Board "5"]
[White "MELLACE, Andrew"]
[Black "WISDOM, Daren"]
[Result "1-0"]
[WhiteElo "2064"]
[BlackElo "1985"]
[PlyCount "59"]
[EventDate "2015.01.17"]
[EventRounds "11"]
[EventCountry "JAM"]

1. e4 e5 2. Nf3 Nc6 3. Bb5 a6 4. Ba4 Nf6 5. O-O Be7 6. c3 b5 7. Bc2 d6 8. d4
Bd7 9. Nbd2 O-O 10. d5 Na5 11. b4 Nb7 12. a4 Ng4 13. h3 Nh6 14. axb5 axb5 15.
Rxa8 Qxa8 16. Nb3 f5 17. Bxh6 gxh6 18. exf5 Kh8 19. Qd2 Nd8 20. Qxh6 Nf7 21.
Qh5 Bf6 22. Nh4 Kg7 23. Rd1 Qa2 24. Rd2 Rg8 25. Kh2 Qb2 26. Bd1 Qxc3 27. Rc2
Qxb3 28. Rxc7 Qxb4 29. Rxd7 Qxh4 30. Rxf7+ 1-0

[Event "Digicel National Championship (Absolute) 2015"]
[Site "Kingston"]
[Date "2015.01.31"]
[Round "9"]
[Board "6"]
[White "WILSON, Brandon"]
[Black "SMITH, Melisha"]
[Result "1-0"]
[WhiteElo "2099"]
[BlackElo "1797"]
[PlyCount "73"]
[EventDate "2015.01.17"]
[EventRounds "11"]
[EventCountry "JAM"]

1. e4 c6 2. Bc4 d5 3. Bb3 dxe4 4. Qh5 g6 5. Qh4 Nf6 6. Nc3 Nbd7 7. Nxe4 Nxe4 8.
Qxe4 Nf6 9. Qh4 Bg7 10. Nf3 O-O 11. d4 Bf5 12. Bh6 Rc8 13. O-O c5 14. dxc5 Rxc5
15. Rad1 Qc7 16. Bxg7 Kxg7 17. Nd4 Bg4 18. f3 Rh5 19. Qg3 Qxg3 20. hxg3 Bd7 21.
Rfe1 Re8 22. Ne2 e5 23. Nc3 Rg5 24. Ne4 Nxe4 25. Rxd7 Nxg3 26. Rxf7+ Kh6 27.
Rxb7 Rd8 28. Rb5 Rd2 29. Rbxe5 Nf5 30. R5e2 Rd4 31. c3 Rh4 32. g4 Kg7 33. Rg2
Nd6 34. Re7+ Kf8 35. Rd7 Nb5 36. Re2 h6 37. Rf7+ 1-0

[Event "Digicel National Championship (Absolute) 2015"]
[Site "Kingston"]
[Date "2015.02.01"]
[Round "10"]
[Board "1"]
[White "DAVY, Damion"]
[Black "SMITH, Melisha"]
[Result "1-0"]
[WhiteElo "2177"]
[BlackElo "1797"]
[PlyCount "53"]
[EventDate "2015.01.17"]
[EventRounds "11"]
[EventCountry "JAM"]

1. e4 c6 2. d4 d5 3. exd5 cxd5 4. c4 Nf6 5. Nc3 Nc6 6. Bg5 dxc4 7. Bxc4 Qxd4 8.
Qxd4 Nxd4 9. O-O-O e5 10. f4 Bg4 11. Nf3 Nxf3 12. gxf3 Bxf3 13. fxe5 Bxh1 14.
exf6 Rc8 15. Re1+ Kd7 16. Rd1+ Ke8 17. Bd3 Rxc3+ 18. bxc3 Bc6 19. Bb5 Ba3+ 20.
Kc2 g6 21. Bxc6+ bxc6 22. Bf4 g5 23. Bc7 Be7 24. Re1 Kd7 25. Rxe7+ Kc8 26. Rxf7
Kb7 27. Be5+ 1-0

[Event "Digicel National Championship (Absolute) 2015"]
[Site "Kingston"]
[Date "2015.02.01"]
[Round "10"]
[Board "2"]
[White "WISDOM, Daren"]
[Black "WILSON, Brandon"]
[Result "1/2-1/2"]
[WhiteElo "1985"]
[BlackElo "2099"]
[PlyCount "115"]
[EventDate "2015.01.17"]
[EventRounds "11"]
[EventCountry "JAM"]

1. Nf3 Nf6 2. b3 g6 3. Bb2 Bg7 4. d4 O-O 5. Nbd2 d5 6. Ne5 Nfd7 7. e3 Nxe5 8.
dxe5 Nc6 9. f4 f6 10. exf6 Bxf6 11. Bxf6 exf6 12. g4 Re8 13. Qe2 Nb4 14. Kd1 d4
15. Qc4+ Be6 16. Qxd4 Bxg4+ 17. Kc1 Qxd4 18. exd4 Rad8 19. c3 Nd5 20. Bc4 Be6
21. Ne4 Kg7 22. Nc5 Bc8 23. Bxd5 Rxd5 24. Kd2 b6 25. Nd3 Rh5 26. h4 h6 27. Rag1
c5 28. dxc5 bxc5 29. c4 Bb7 30. Re1 Kf7 31. Rxe8 Kxe8 32. Rg1 Kf7 33. Ke3 Bc6
34. Rf1 Ke6 35. f5+ Rxf5 36. Rxf5 Kxf5 37. Nxc5 Ke5 38. b4 g5 39. hxg5 fxg5 40.
a4 h5 41. a5 h4 42. b5 Ba8 43. Nd3+ Kd6 44. Kd4 g4 45. c5+ Kc7 46. b6+ axb6 47.
cxb6+ Kb7 48. Ke3 g3 49. Nf4 Ka6 50. Ne2 Kxa5 51. Kf4 Kxb6 52. Nxg3 h3 53. Nf1
Bg2 54. Nh2 Kc5 55. Kg3 Kd4 56. Ng4 Kd3 57. Nf2+ Ke2 58. Nxh3 1/2-1/2

[Event "Digicel National Championship (Absolute) 2015"]
[Site "Kingston"]
[Date "2015.02.01"]
[Round "10"]
[Board "3"]
[White "PORTER, Russel"]
[Black "MELLACE, Andrew"]
[Result "1-0"]
[WhiteElo "2082"]
[BlackElo "2064"]
[PlyCount "61"]
[EventDate "2015.01.17"]
[EventRounds "11"]
[EventCountry "JAM"]

1. c4 c5 2. Nc3 Nc6 3. g3 g6 4. Bg2 Bg7 5. Nf3 d6 6. O-O e5 7. d3 Nge7 8. Rb1
f5 9. a3 h6 10. Nd2 a5 11. e3 O-O 12. f4 Be6 13. Nd5 Rb8 14. b3 Bxd5 15. cxd5
Na7 16. Qc2 exf4 17. gxf4 Nb5 18. Bb2 Bxb2 19. Qxb2 Nc7 20. e4 Nb5 21. Rf2 Kh7
22. Kh1 fxe4 23. dxe4 Nd4 24. Nf3 Nxf3 25. Rxf3 Qc7 26. Bh3 Rbe8 27. Rg1 Ng8
28. Rfg3 Rxe4 29. Rxg6 Rd4 30. Qg2 Nf6 31. Rg7+ 1-0

[Event "Digicel National Championship (Absolute) 2015"]
[Site "Kingston"]
[Date "2015.02.01"]
[Round "10"]
[Board "4"]
[White "ELLIOTT, Warren"]
[Black "CAMPBELL, Kevron"]
[Result "1-0"]
[WhiteElo "2240"]
[BlackElo "1841"]
[PlyCount "61"]
[EventDate "2015.01.17"]
[EventRounds "11"]
[EventCountry "JAM"]

1. e4 c5 2. Nf3 Nc6 3. d4 cxd4 4. Nxd4 e6 5. Nc3 a6 6. g3 Qc7 7. Bg2 b5 8. Nxc6
Qxc6 9. O-O Bb7 10. Re1 Rc8 11. Re2 Bc5 12. Nd5 Ne7 13. Nf4 Qc7 14. Nd3 Bb6 15.
Bf4 d6 16. Ne1 e5 17. Be3 O-O 18. Bxb6 Qxb6 19. Rd2 Rcd8 20. c3 f5 21. Qb3+ Kh8
22. Qe6 fxe4 23. Nc2 Nf5 24. Re1 Rf6 25. Qb3 d5 26. a4 Rdf8 27. axb5 Nh4 28.
gxh4 Rxf2 29. Rxf2 Rxf2 30. Ne3 Qf6 31. bxa6 1-0

[Event "Digicel National Championship (Absolute) 2015"]
[Site "Kingston"]
[Date "2015.02.01"]
[Round "10"]
[Board "5"]
[White "SMITH, Shreyas"]
[Black "MYERS, Peter"]
[Result "1-0"]
[WhiteElo "2086"]
[BlackElo "1984"]
[PlyCount "53"]
[EventDate "2015.01.17"]
[EventRounds "11"]
[EventCountry "JAM"]

1. e4 g6 2. d4 Bg7 3. Nc3 d6 4. Be3 Nf6 5. f3 O-O 6. Qd2 Nbd7 7. O-O-O b5 8.
Bxb5 Rb8 9. g4 c6 10. Bc4 a5 11. h4 Nb6 12. Bb3 h5 13. Bh6 Ba6 14. Qg5 d5 15.
Bxg7 Kxg7 16. e5 Nh7 17. Qd2 Bc4 18. gxh5 a4 19. Nxa4 Ra8 20. Nc3 Qd7 21. Nh3
Bxb3 22. cxb3 Ra5 23. Rdg1 c5 24. hxg6 fxg6 25. h5 Rxf3 26. Rxg6+ Kf7 27. e6+
 1-0

[Event "Digicel National Championship (Absolute) 2015"]
[Site "Kingston"]
[Date "2015.02.01"]
[Round "10"]
[Board "6"]
[White "WILKINSON, Ian"]
[Black "LORNE, Malaku"]
[Result "0-1"]
[WhiteElo "1889"]
[BlackElo "2113"]
[PlyCount "166"]
[EventDate "2015.01.17"]
[EventRounds "11"]
[EventCountry "JAM"]

1. e4 e5 2. d4 exd4 3. Qxd4 Nc6 4. Qe3 Nf6 5. Nc3 Bb4 6. Bd2 O-O 7. O-O-O Re8
8. Bc4 Bxc3 9. Bxc3 Nxe4 10. Qf4 Ng5 11. Nf3 Ne6 12. Qg3 f6 13. Rhe1 d6 14. Nh4
Kh8 15. f4 Bd7 16. Nf5 Ne7 17. Nh6 Rf8 18. Rxe6 Bxe6 19. Bxe6 gxh6 20. Qh4 Ng6
21. Qxh6 Qe7 22. f5 Ne5 23. Qf4 Qg7 24. Qf2 b6 25. h3 Nf7 26. h4 Rae8 27. g4
Ne5 28. Rg1 Nxg4 29. Qf4 h5 30. Qa4 a5 31. b3 Re7 32. Kb2 Qh6 33. Qe4 Rg7 34.
Rg2 Ne5 35. Bd2 Qh7 36. Rh2 Rg4 37. Qd5 Rd8 38. Qb7 Re8 39. a4 Qg7 40. Bc3 Kh7
41. Qd5 Rg3 42. Qb5 Re7 43. Qe2 Qg4 44. Qf2 Qf3 45. Qxf3 Rxf3 46. Bd5 Rg3 47.
Rh1 Kg7 48. Be1 Re3 49. Rg1+ Ng4 50. Bd2 Rh3 51. Be1 Re5 52. Be6 Rhe3 53. Bc3
Rxe6 54. fxe6 Rxe6 55. Be1 f5 56. c3 f4 57. Kc2 f3 58. Kd3 Kf7 59. Rf1 Re3+ 60.
Kd4 c5+ 61. Kd5 f2 62. Bxf2 Rf3 63. Kxd6 Nxf2 64. Kc6 Rf6+ 65. Kb5 Ne4 66. Re1
Nxc3+ 67. Kc4 Na2 68. Re4 Nb4 69. Kb5 Nd5 70. Re5 Nc7+ 71. Kc4 Rf4+ 72. Kd3
Rxh4 73. Rg5 Rd4+ 74. Kc3 h4 75. Rh5 Kg6 76. Rh8 Kg5 77. Rh7 Nd5+ 78. Kc2 Kg4
79. Rg7+ Kf3 80. Kb2 h3 81. Rf7+ Kg3 82. Rg7+ Rg4 83. Rd7 h2 0-1